LEADER 01194nam a2200277 u 4500 001 000000029260 003 CaOOAMICUS 005 20070226111909.0 008 970220s1971 it u000 u ita u 035 $a10752660 040 $aPUL$bita 100 1 $aSarubbi, Antonio.$0(OLS)http://pul/name/23682 245 10$aChiesa e stato comunale nel pensiero di Remigio de' Girolami /$ccon una premessa di Raoul Manselli. 260 $aNapoli :$bMorano,$c1971. 300 $a124 p. ;$c22 cm 490 1 $aNobiltà dello spirito ;$v18 500 $aComprende indici 504 $aBibliografia in nota 600 14$aGirolami, Remigio,$cO.P.,$dc. 1235-c. 1319.$0(OLS)http://pul/subject/16829 650 4$aChiesa e stato$xStoria$ySec. XIII.$0(OLS)http://pul/subject/16149 830 0$aNobiltà dello spirito ;$v18.$0(OLS)http://pul/title/19271 850 $aPUL 852 $aPUL$W1$xDP1 Fondo Maccarrone$y58$m1510 D 14$j40525$nBK-PRI$b $qFondi$B40525$CPULBib$Z2$F40525 $H $81 941 1 $a1 996 $6245$aChiesa e stato comunale nel pensiero di Remigio de' Girolami$9(OLS)http://pul/title/40034 996 $6260$aNapoli :$bMorano$9(OLS)http://pul/publisher/49701 LEADER 00935naa a2200217 u 4500 001 000000093465 003 CaOOAMICUS 005 20070226130134.0 008 010704s1949 fr u000 u fre u 035 $a10895764 040 $aPUL(R)$bita 100 1 $aBodenhausen, Georg Hendrick Christiaan,$d1903-$0(OLS)http://pul/name/60139 245 10$aProblèmes actuels du droit international de la propriété industrielle littéraire et artistique /$cpar G.H.C. Bodenhausen. 260 $a[S. l. :$bs. n.],$c1949. 300 $aP. [379-464] 504 $aBibliografia in nota. 650 4$aDiritto internazionale.$0(OLS)http://pul/subject/2505 773 0 $tRecueil des cours$gv.I (1949) 773 0 $tRecueil des cours 1949$w()59742 996 $6245$aProblèmes actuels du droit international de la propriété industrielle littéraire et artistique$9(OLS)http://pul/title/120328 996 $6260$a[S. l. :$bs. n.]$9(OLS)http://pul/publisher/47882 LEADER 01005naa a2200229 u 4500 001 000000103371 003 CaOOAMICUS 005 20070226130215.0 008 061115s1971 gw u000 u ger u 020 $a3110037513 035 $a11106896 040 $aIAR$bita 100 1 $aKämpfer, Dietrich.$0(OLS)http://pul/name/63866 245 10$a"Fortunae rota volvitur" :$bDas Symbol des Schicksalsrades in der spätmittelalterlichen Musik /$cDietrich Kämpfer. 260 $aBerlin :$bW. de Gruyter,$c1971. 300 $ap. 357-374 ;$c25 cm 500 $aIAR: CCI.218 773 0 $aDer Begriff der Repraerentatio im Mittelalter. 773 0 $tDer Begriff der Repraesentatio in Mittelalter : Stellvertretung, Symbol, Zeichen, Bild$g8$w()1835 996 $6020$a3110037513$9(OLS)http://pul/number/2405 996 $6245$a"Fortunae rota volvitur" :$bDas Symbol des Schicksalsrades in der spätmittelalterlichen Musik$9(OLS)http://pul/title/130276 996 $6260$aBerlin :$bW. de Gruyter$9(OLS)http://pul/publisher/48032